00919nam a2200205 i 4500001000700000003000900007005001700016008004100033100003100074245020100105260004800306300003700354490004400391650004200435830004900477852002900526852001900555999001900574952012000593170706ES-MaACL20250831072601.0090331s1950 sp |||| | spa d1 aLlorca, Bernardino.97285310aHistoria de la Iglesia Católica b: en sus cuatro grandes edades: antigua, media, nueva y moderna. nT. I, pEdad antigua (1-681) : La iglesia en el mundo grecorromano / cpor Bernardino Llorca. aMadrid : bLa Editorial Católica, c1950. aXXXII, 961 p. : bil. ; c20 cm.1 aBiblioteca de autores cristianos ; v5407aHistoria eclesiástica2embne91340000aBiblioteca de autores cristianosv549178679 aES-MaACLjJ-52 9R.460921 aBA jP-708-bis c170706d170706 00104070aATENEOMbATENEOMcDEPO2d2009-03-31eCOMl0oJ-52p1179148r2023-02-23 00:00:00w2023-02-23yMONOGRAFIA